| 000 | 00646nam a22001937a 4500 | ||
|---|---|---|---|
| 005 | 20251108164735.0 | ||
| 008 | 250721s2008 xx 000 0 ara d | ||
| 082 | 1 | 4 | _a813.009/مهو |
| 100 | 1 |
_aالمهوس، منصور _eمؤلف |
|
| 245 | 1 | 0 | _aصورة الرجل في الرواية التسوية السعودية رؤية ثقافية جمالية / |
| 264 | 1 |
_aالرياض : _bمؤسسة اليمامة الصحفية، _c2008. |
|
| 300 | _a480 ص. | ||
| 490 | 0 | _aكتاب الرياض | |
| 650 | 1 | 7 | _aالادب القصصي |
| 650 | 1 | 7 | _aالنقد الادبي |
| 650 | 1 | 7 | _aالرجال |
| 942 |
_2ddc _cBK |
||
| 999 |
_c13181 _d13181 |
||